[Event "CMA Futurity ABCD"]
[Site "Montreal CAN"]
[Date "2017.02.10"]
[Round "1"]
[White "Leveille, Francois"]
[Black "Masse, Hugues"]
[Result "1-0"]
[WhiteElo "2279"]
[BlackElo "2179"]
[WhiteFideId "-1"]
[WhiteFideId "-1"]
[PlyCount "79"]
[GameId "2160767908478634"]
[EventDate "2017.02.10"]
[EventType "swiss"]
[EventRounds "5"]
[EventCountry "CAN"]
[SourceTitle "EXT 2022"]
[Source "ChessBase"]
[SourceDate "2021.10.06"]
[SourceVersion "1"]
[SourceVersionDate "2021.10.06"]
[SourceQuality "1"]

1. e4 e5 2. Nf3 Nc6 3. Nc3 Nf6 4. d4 exd4 5. Nxd4 Bb4 6. Nxc6 bxc6 7. Bd3 d5 8. exd5 cxd5 9. Bb5+ Bd7 10. Qe2+ Qe7 11. Bxd7+ Nxd7 12. Qxe7+ Kxe7 13. Bd2 Nb6 14. O-O-O c6 15. a3 Bd6 16. Ne2 Rhe8 17. Bc3 f6 18. Nd4 Kd7 19. g3 Na4 20. Rd3 Rab8 21. Rhd1 Be5 22. b3 Nc5 23. Re3 Ne4 24. Be1 Bd6 25. b4 Bf8 26. c4 Nd6 27. cxd5 cxd5 28. Nc2 Rxe3 29. Nxe3 Rc8+ 30. Kb2 Ke6 31. Nxd5 g6 32. Kb3 f5 33. f3 Bg7 34. Bf2 Nb5 35. Bc5 a6 36. a4 Nc7 37. Nxc7+ Rxc7 38. Rd6+ Ke5 39. Rxa6 Rd7 40. Ra7 1-0

[Event "CMA Futurity ABCD"]
[Site "Montreal CAN"]
[Date "2017.02.10"]
[Round "1"]
[White "Marin, Sam"]
[Black "Germain, Michel"]
[Result "1/2-1/2"]
[WhiteElo "1977"]
[BlackElo "1945"]
[WhiteFideId "-1"]
[WhiteFideId "-1"]
[PlyCount "110"]
[GameId "2160767908478635"]
[EventDate "2017.02.10"]
[EventType "swiss"]
[EventRounds "5"]
[EventCountry "CAN"]
[SourceTitle "EXT 2022"]
[Source "ChessBase"]
[SourceDate "2021.10.06"]
[SourceVersion "1"]
[SourceVersionDate "2021.10.06"]
[SourceQuality "1"]

1. e4 d6 2. d4 Nf6 3. Nc3 e5 4. dxe5 dxe5 5. Qxd8+ Kxd8 6. Nf3 Bd6 7. Bc4 Ke8 8. Bg5 Nbd7 9. O-O-O h6 10. Bh4 g5 11. Bg3 Nh5 12. Nb5 Nxg3 13. hxg3 Ke7 14. Nxd6 cxd6 15. Nxg5 Nb6 16. Bb3 Bg4 17. Nxf7 Bxd1 18. Nxh8 Bxc2 19. Ng6+ Kf6 20. Kxc2 Kxg6 21. Be6 Rd8 22. Bf5+ Kg7 23. Kd3 d5 24. Rc1 dxe4+ 25. Kxe4 Kf6 26. g4 Rd2 27. Kf3 Rxb2 28. Rc7 Rxa2 29. Rxb7 h5 30. Rh7 hxg4+ 31. Bxg4 Ra3+ 32. Ke2 Nd5 33. Bf3 Nf4+ 34. Kd2 Ra2+ 35. Ke3 Ra3+ 36. Kd2 a5 37. Ra7 Ra2+ 38. Ke3 Ra3+ 39. Ke4 Ra4+ 40. Ke3 Ra3+ 41. Kd2 a4 42. Bc6 Ra2+ 43. Ke3 Re2+ 44. Kf3 Rc2 45. Bxa4 Rc3+ 46. Kg4 Nxg2 47. Ra6+ Ke7 48. Kf5 Rf3+ 49. Kxe5 Rxf2 50. Ra7+ Kf8 51. Bb5 Nh4 52. Ke6 Rf4 53. Bd3 Nf3 54. Ra8+ Kg7 55. Ra7+ Kf8 1/2-1/2

[Event "CMA Futurity ABCD"]
[Site "Montreal CAN"]
[Date "2017.02.10"]
[Round "1"]
[White "Nunez, Omar"]
[Black "Leger, Manon"]
[Result "1/2-1/2"]
[WhiteElo "2078"]
[BlackElo "2001"]
[WhiteFideId "-1"]
[WhiteFideId "-1"]
[PlyCount "51"]
[GameId "2160767908478636"]
[EventDate "2017.02.10"]
[EventType "swiss"]
[EventRounds "5"]
[EventCountry "CAN"]
[SourceTitle "EXT 2022"]
[Source "ChessBase"]
[SourceDate "2021.10.06"]
[SourceVersion "1"]
[SourceVersionDate "2021.10.06"]
[SourceQuality "1"]

1. f4 Nf6 2. Nf3 d6 3. g3 Nbd7 4. d4 Ne4 5. Bg2 Ndf6 6. O-O g6 7. c4 c6 8. a4 Bg7 9. a5 Be6 10. Qa4 Bd7 11. Qa3 O-O 12. Nbd2 Qc7 13. b4 Nxd2 14. Bxd2 Ne4 15. Rad1 Nxd2 16. Rxd2 b6 17. a6 Rad8 18. Rfd1 c5 19. bxc5 bxc5 20. dxc5 dxc5 21. Ne5 Bxe5 22. fxe5 Bc8 23. Rxd8 Rxd8 24. Rd5 Rxd5 25. Bxd5 e6 26. Bb7 1/2-1/2

[Event "CMA Futurity ABCD"]
[Site "Montreal CAN"]
[Date "2017.02.10"]
[Round "1"]
[White "Saha, Ananda"]
[Black "Barre, Michel"]
[Result "1-0"]
[WhiteElo "1997"]
[BlackElo "1936"]
[WhiteFideId "-1"]
[WhiteFideId "-1"]
[PlyCount "63"]
[GameId "2160767908478637"]
[EventDate "2017.02.10"]
[EventType "swiss"]
[EventRounds "5"]
[EventCountry "CAN"]
[SourceTitle "EXT 2022"]
[Source "ChessBase"]
[SourceDate "2021.10.06"]
[SourceVersion "1"]
[SourceVersionDate "2021.10.06"]
[SourceQuality "1"]

1. d4 Nf6 2. c4 e6 3. Nf3 d5 4. Nc3 c6 5. e3 Nbd7 6. Qc2 Bd6 7. b3 O-O 8. Bd3 Re8 9. O-O e5 10. cxd5 cxd5 11. Nb5 Bb8 12. dxe5 Nxe5 13. Nxe5 Bxe5 14. Bb2 Bxb2 15. Qxb2 a6 16. Nd4 Ne4 17. Rfd1 Qg5 18. Nf3 Qh5 19. Be2 Be6 20. Rac1 Rac8 21. Nd4 Qh4 22. Bf3 Qf6 23. Rxc8 Rxc8 24. Rc1 Rxc1+ 25. Qxc1 Ng5 26. Bxd5 h5 27. Nxe6 Nxe6 28. Bxb7 a5 29. h3 g5 30. Bf3 Ng7 31. Qc8+ Kh7 32. Be4+ 1-0

[Event "CMA Futurity ABCD"]
[Site "Montreal CAN"]
[Date "2017.02.10"]
[Round "1"]
[White "Soudre, Nicolas"]
[Black "Hollander, Michael"]
[Result "1-0"]
[WhiteElo "2080"]
[BlackElo "1998"]
[WhiteFideId "-1"]
[WhiteFideId "-1"]
[PlyCount "55"]
[GameId "2160767908478638"]
[EventDate "2017.02.10"]
[EventType "swiss"]
[EventRounds "5"]
[EventCountry "CAN"]
[SourceTitle "EXT 2022"]
[Source "ChessBase"]
[SourceDate "2021.10.06"]
[SourceVersion "1"]
[SourceVersionDate "2021.10.06"]
[SourceQuality "1"]

1. e4 e6 2. d4 d5 3. Nc3 Nf6 4. e5 Nfd7 5. f4 c5 6. Nf3 Nc6 7. Be3 cxd4 8. Nxd4 Nxd4 9. Bxd4 Bc5 10. Qd2 a6 11. O-O-O b5 12. h4 Qb6 13. Kb1 Bxd4 14. Qxd4 Qxd4 15. Rxd4 f6 16. exf6 Nxf6 17. Bd3 O-O 18. Re1 Bd7 19. g3 Rae8 20. a4 bxa4 21. Nxa4 Bxa4 22. Rxa4 Nd7 23. Ra5 Kf7 24. Rxa6 Nc5 25. Ra7+ Kf6 26. Bxh7 g6 27. g4 Re7 28. g5+ 1-0

[Event "CMA Futurity ABCD"]
[Site "Montreal CAN"]
[Date "2017.02.10"]
[Round "1"]
[White "Yu, Zong Yang"]
[Black "Lopez Linares, Lizandro"]
[Result "1-0"]
[WhiteElo "2383"]
[BlackElo "2104"]
[WhiteFideId "-1"]
[WhiteFideId "-1"]
[PlyCount "117"]
[GameId "2160767908478640"]
[EventDate "2017.02.10"]
[EventType "swiss"]
[EventRounds "5"]
[EventCountry "CAN"]
[SourceTitle "EXT 2022"]
[Source "ChessBase"]
[SourceDate "2021.10.06"]
[SourceVersion "1"]
[SourceVersionDate "2021.10.06"]
[SourceQuality "1"]

1. d4 d5 2. c4 c6 3. Nf3 Nf6 4. Nc3 dxc4 5. a4 Bf5 6. e3 e6 7. Bxc4 Bb4 8. O-O O-O 9. Qe2 Bg4 10. Rd1 Nbd7 11. e4 Bh5 12. Rd3 Re8 13. Bg5 Qa5 14. Bh4 e5 15. d5 Nc5 16. Rdd1 Bxc3 17. Bxf6 Bd4 18. Bg5 cxd5 19. Bxd5 Ne6 20. Bd2 Qc7 21. Qd3 Qe7 22. Nxd4 Nxd4 23. f3 Ne6 24. Rac1 Rad8 25. Qc4 b6 26. Be3 Nf4 27. Bxf4 exf4 28. Qc7 Qg5 29. Kh1 Qh4 30. Rd2 Kh8 31. Rcd1 f5 32. e5 Rc8 33. Qd7 Rcd8 34. Qxf5 Bg6 35. Qg4 Qxg4 36. fxg4 Rxe5 37. h4 h5 38. g5 Kh7 39. Rd4 a5 40. R1d2 Re1+ 41. Kh2 Rf1 42. b3 Rc8 43. Bc4 Re1 44. Rxf4 Re3 45. Rd6 Rb8 46. Rfd4 Rc3 47. R4d5 Be4 48. Re5 Bg6 49. Re7 b5 50. axb5 a4 51. Rdd7 axb3 52. Rxg7+ Kh8 53. Bxb3 Bf5 54. g6 Rxb3 55. Rh7+ Kg8 56. Rdg7+ Kf8 57. Rf7+ Kg8 58. Rxf5 R3xb5 59. Rhxh5 1-0

[Event "CMA Futurity ABCD"]
[Site "Montreal CAN"]
[Date "2017.02.10"]
[Round "1"]
[White "Zumsteg, Nicolas"]
[Black "Johnson-Constantin, Mathieu"]
[Result "0-1"]
[WhiteElo "1910"]
[BlackElo "1822"]
[WhiteFideId "-1"]
[WhiteFideId "-1"]
[PlyCount "118"]
[GameId "2160767908478641"]
[EventDate "2017.02.10"]
[EventType "swiss"]
[EventRounds "5"]
[EventCountry "CAN"]
[SourceTitle "EXT 2022"]
[Source "ChessBase"]
[SourceDate "2021.10.06"]
[SourceVersion "1"]
[SourceVersionDate "2021.10.06"]
[SourceQuality "1"]

1. e4 e6 2. d4 d5 3. Nd2 c5 4. exd5 Qxd5 5. Ngf3 Nf6 6. Bc4 Qh5 7. O-O Nc6 8. Nb3 cxd4 9. Nfxd4 Qxd1 10. Rxd1 Nxd4 11. Rxd4 Bd7 12. Bg5 Be7 13. Rad1 O-O-O 14. Be2 Bc6 15. Na5 Rxd4 16. Rxd4 Bd5 17. c4 Bc5 18. Bxf6 gxf6 19. Rf4 e5 20. Rxf6 Be7 21. Rf5 Be6 22. Rxe5 Rd8 23. Bf3 Kc7 24. g3 Rd2 25. Re2 Rxe2 26. Bxe2 b6 27. Nb3 Bf6 28. Kg2 Bxb2 29. Kf3 Bf5 30. Nd2 Kd6 31. g4 Bc2 32. Ke3 h6 33. Bd3 Ba4 34. Ne4+ Ke6 35. c5 Bc6 36. cxb6 axb6 37. Bc4+ Ke7 38. Ng3 Kf6 39. h4 Bc1+ 40. Kd4 Bf3 41. Be2 Bc6 42. Nh5+ Ke7 43. f4 f6 44. f5 Bb2+ 45. Kc4 Be5 46. Ng7 Bg3 47. h5 Be5 48. Ne6 Bd7 49. Nd4 Kd6 50. Bf3 Bf4 51. Bd5 b5+ 52. Nxb5+ Bxb5+ 53. Kxb5 Kxd5 54. a4 Be3 55. a5 Ke5 56. Kc6 Kf4 57. Kd5 Kxg4 58. Ke6 Kg5 59. a6 Bf2 0-1

[Event "CMA Futurity ABCD"]
[Site "Montreal CAN"]
[Date "2017.02.11"]
[Round "2"]
[White "Barre, Michel"]
[Black "Huang, Qiuyu"]
[Result "1-0"]
[WhiteElo "1936"]
[BlackElo "1955"]
[WhiteFideId "-1"]
[WhiteFideId "-1"]
[PlyCount "59"]
[GameId "2160767908478642"]
[EventDate "2017.02.10"]
[EventType "swiss"]
[EventRounds "5"]
[EventCountry "CAN"]
[SourceTitle "EXT 2022"]
[Source "ChessBase"]
[SourceDate "2021.10.06"]
[SourceVersion "1"]
[SourceVersionDate "2021.10.06"]
[SourceQuality "1"]

1. d4 d5 2. Bf4 Nf6 3. e3 c5 4. Nf3 Nc6 5. Nbd2 Qb6 6. dxc5 Qxb2 7. Rb1 Qc3 8. Bb5 Bg4 9. O-O e6 10. Be5 Bxf3 11. Nxf3 Qxc5 12. c4 Nd7 13. cxd5 Qxd5 14. Qxd5 exd5 15. Rfc1 f6 16. Bg3 Nc5 17. Nd4 Rc8 18. Nf5 Kd7 19. Nxg7 a6 20. Be2 Bxg7 21. Rxc5 Ne5 22. Rxb7+ Ke6 23. Rxc8 Rxc8 24. Bxe5 Rc1+ 25. Bf1 fxe5 26. Rxg7 d4 27. exd4 exd4 28. g4 d3 29. Kg2 d2 30. Be2 1-0

[Event "CMA Futurity ABCD"]
[Site "Montreal CAN"]
[Date "2017.02.11"]
[Round "2"]
[White "Chabot, Roland"]
[Black "Leveille, Francois"]
[Result "1/2-1/2"]
[WhiteElo "2152"]
[BlackElo "2279"]
[WhiteFideId "-1"]
[WhiteFideId "-1"]
[PlyCount "49"]
[GameId "2160767908478643"]
[EventDate "2017.02.10"]
[EventType "swiss"]
[EventRounds "5"]
[EventCountry "CAN"]
[SourceTitle "EXT 2022"]
[Source "ChessBase"]
[SourceDate "2021.10.06"]
[SourceVersion "1"]
[SourceVersionDate "2021.10.06"]
[SourceQuality "1"]

1. d4 Nf6 2. c4 g6 3. Nc3 Bg7 4. e4 d6 5. h3 O-O 6. Nf3 e5 7. d5 a5 8. Be3 Na6 9. g4 Nd7 10. Rg1 Ndc5 11. Qd2 Bd7 12. g5 c6 13. Nh2 cxd5 14. cxd5 b5 15. f3 b4 16. Nd1 f5 17. gxf6 Bxf6 18. Nf2 Bh4 19. O-O-O b3 20. a3 Bxf2 21. Bxf2 Nxe4 22. fxe4 Rc8+ 23. Kb1 Rc2 24. Qh6 Rfxf2 25. Rxg6+ 1/2-1/2

[Event "CMA Futurity ABCD"]
[Site "Montreal CAN"]
[Date "2017.02.11"]
[Round "2"]
[White "Germain, Michel"]
[Black "Durette, Francis"]
[Result "0-1"]
[WhiteElo "1945"]
[BlackElo "1965"]
[WhiteFideId "-1"]
[WhiteFideId "-1"]
[PlyCount "76"]
[GameId "2160767908478644"]
[EventDate "2017.02.10"]
[EventType "swiss"]
[EventRounds "5"]
[EventCountry "CAN"]
[SourceTitle "EXT 2022"]
[Source "ChessBase"]
[SourceDate "2021.10.06"]
[SourceVersion "1"]
[SourceVersionDate "2021.10.06"]
[SourceQuality "1"]

1. e4 e5 2. Nf3 Nc6 3. Bc4 Bc5 4. c3 Nf6 5. d3 O-O 6. O-O d5 7. exd5 Nxd5 8. Nbd2 Bg4 9. Re1 Nb6 10. Bb5 Qd5 11. h3 Bxf3 12. Nxf3 Bxf2+ 13. Kxf2 Qxb5 14. Qe2 f6 15. Be3 Qd5 16. c4 Qe6 17. a4 a5 18. Bxb6 cxb6 19. d4 Nb4 20. d5 Qf5 21. Rad1 Nc2 22. Qe4 Qxe4 23. Rxe4 Rfd8 24. Re2 Nb4 25. Ne1 Rac8 26. b3 Kf7 27. Rdd2 Ke7 28. Nd3 Nxd3+ 29. Rxd3 Kd6 30. g4 h5 31. Rg3 hxg4 32. Rxg4 Rd7 33. Rg6 Re7 34. Kf3 Rh8 35. Kg4 e4 36. Re3 Ke5 37. Rg3 Rh6 38. Rxh6 gxh6 0-1

[Event "CMA Futurity ABCD"]
[Site "Montreal CAN"]
[Date "2017.02.11"]
[Round "2"]
[White "Johnson-Constantin, Mathieu"]
[Black "Gauthier, Denis"]
[Result "0-1"]
[WhiteElo "1822"]
[BlackElo "1864"]
[WhiteFideId "-1"]
[WhiteFideId "-1"]
[PlyCount "60"]
[GameId "2160767908478646"]
[EventDate "2017.02.10"]
[EventType "swiss"]
[EventRounds "5"]
[EventCountry "CAN"]
[SourceTitle "EXT 2022"]
[Source "ChessBase"]
[SourceDate "2021.10.06"]
[SourceVersion "1"]
[SourceVersionDate "2021.10.06"]
[SourceQuality "1"]

1. e4 c5 2. Nf3 e6 3. d4 cxd4 4. Nxd4 Nc6 5. f4 d6 6. Nc3 Nf6 7. Be2 Be7 8. Be3 a6 9. g4 Qc7 10. g5 Nd7 11. Bf3 Na5 12. f5 Ne5 13. O-O Nac4 14. Bc1 Nxf3+ 15. Qxf3 Ne5 16. Qf2 Bd7 17. Nf3 O-O-O 18. Nxe5 dxe5 19. Be3 Rdg8 20. Rfd1 h6 21. Rxd7 Qxd7 22. Rd1 Qc6 23. Rd3 Kb8 24. b3 Rd8 25. Ba7+ Ka8 26. Na4 Rxd3 27. cxd3 b5 28. Nb6+ Kxa7 29. Nc8+ Kb8 30. Nxe7 Qc1+ 0-1

[Event "CMA Futurity ABCD"]
[Site "Montreal CAN"]
[Date "2017.02.11"]
[Round "2"]
[White "Leger, Manon"]
[Black "Tremblay, Alain"]
[Result "1/2-1/2"]
[WhiteElo "2001"]
[BlackElo "2059"]
[WhiteFideId "-1"]
[WhiteFideId "-1"]
[PlyCount "81"]
[GameId "2160767908478647"]
[EventDate "2017.02.10"]
[EventType "swiss"]
[EventRounds "5"]
[EventCountry "CAN"]
[SourceTitle "EXT 2022"]
[Source "ChessBase"]
[SourceDate "2021.10.06"]
[SourceVersion "1"]
[SourceVersionDate "2021.10.06"]
[SourceQuality "1"]

1. e4 d6 2. d4 Nf6 3. Nc3 g6 4. Nf3 Bg7 5. h3 O-O 6. Be3 c6 7. Qd2 b5 8. a3 Qa5 9. b4 Qc7 10. Bd3 Nbd7 11. O-O a6 12. Rac1 Bb7 13. a4 Rac8 14. Rfe1 c5 15. dxc5 dxc5 16. axb5 cxb4 17. Na2 a5 18. Bd4 e5 19. Ba1 Rfe8 20. Qe3 Nc5 21. Nd2 Ne6 22. Nc4 Nd7 23. b6 Qc5 24. Qxc5 Rxc5 25. f3 Rb8 26. Rb1 Nf4 27. Nc1 Nxd3 28. cxd3 Rb5 29. Rd1 Bc6 30. Nb3 Ra8 31. Nbxa5 Rbxa5 32. Nxa5 Rxa5 33. Rxb4 Bf8 34. Rbb1 Bc5+ 35. d4 Bxb6 36. Kh1 exd4 37. Bxd4 Bxd4 38. Rxd4 Ra2 39. Rc1 Bb5 40. Rb1 Bc6 41. Rc1 1/2-1/2

[Event "CMA Futurity ABCD"]
[Site "Montreal CAN"]
[Date "2017.02.11"]
[Round "2"]
[White "Lopez Linares, Lizandro"]
[Black "Masse, Hugues"]
[Result "1/2-1/2"]
[WhiteElo "2104"]
[BlackElo "2179"]
[WhiteFideId "-1"]
[WhiteFideId "-1"]
[PlyCount "30"]
[GameId "2160767908478648"]
[EventDate "2017.02.10"]
[EventType "swiss"]
[EventRounds "5"]
[EventCountry "CAN"]
[SourceTitle "EXT 2022"]
[Source "ChessBase"]
[SourceDate "2021.10.06"]
[SourceVersion "1"]
[SourceVersionDate "2021.10.06"]
[SourceQuality "1"]

1. d4 Nf6 2. Nf3 g6 3. Bg5 Bg7 4. Nbd2 d5 5. e3 c5 6. c3 Qb6 7. Qa4+ Nc6 8. Qa3 cxd4 9. exd4 Bf5 10. Be2 O-O 11. O-O h6 12. Bf4 Rfe8 13. h3 Ne4 14. Nxe4 Bxe4 15. Rfe1 Bxf3 1/2-1/2

[Event "CMA Futurity ABCD"]
[Site "Montreal CAN"]
[Date "2017.02.11"]
[Round "2"]
[White "Saha, Ananda"]
[Black "Marin, Sam"]
[Result "1/2-1/2"]
[WhiteElo "1997"]
[BlackElo "1977"]
[WhiteFideId "-1"]
[WhiteFideId "-1"]
[PlyCount "128"]
[GameId "2160767908478649"]
[EventDate "2017.02.10"]
[EventType "swiss"]
[EventRounds "5"]
[EventCountry "CAN"]
[SourceTitle "EXT 2022"]
[Source "ChessBase"]
[SourceDate "2021.10.06"]
[SourceVersion "1"]
[SourceVersionDate "2021.10.06"]
[SourceQuality "1"]

1. d4 e6 2. c4 Nf6 3. Nf3 b6 4. Nbd2 Bb7 5. e3 Be7 6. Bd3 d6 7. b3 Nbd7 8. Bb2 c5 9. Qc2 Qc7 10. O-O h6 11. Rad1 g5 12. Ne4 Rg8 13. dxc5 bxc5 14. Nxf6+ Nxf6 15. Bxf6 Bxf6 16. Be4 g4 17. Nd2 O-O-O 18. Bxb7+ Qxb7 19. Qe4 Be5 20. Qxb7+ Kxb7 21. a3 Bb2 22. Ne4 Kc6 23. Rd2 Be5 24. b4 f5 25. Ng3 a6 26. Rb1 Rb8 27. Ne2 Rb6 28. Rd3 Rgb8 29. Rdb3 h5 30. Nc1 d5 31. cxd5+ Kxd5 32. bxc5 Rxb3 33. Nxb3 Kc4 34. Na5+ Kxc5 35. Rc1+ Kd5 36. Rd1+ Kc5 37. Rc1+ Kd5 38. Rd1+ Ke4 39. Nc6 Rb5 40. Kf1 Bc3 41. Nb4 a5 42. Nd3 e5 43. Ke2 Kd5 44. a4 Rb8 45. Rc1 Rb3 46. Kd1 Ra3 47. Kc2 Bb4 48. Rd1 Rc3+ 49. Kb2 Ke4 50. Nc1 Ra3 51. Nb3 Rxa4 52. Rd8 f4 53. exf4 exf4 54. Rh8 Ba3+ 55. Kc2 Rc4+ 56. Kb1 Bb4 57. Rxh5 a4 58. Nc1 f3 59. gxf3+ Kxf3 60. h3 Kxf2 61. hxg4 Rxg4 62. Nd3+ Ke3 63. Nxb4 Rxb4+ 64. Ka2 Kd3 1/2-1/2

[Event "CMA Futurity ABCD"]
[Site "Montreal CAN"]
[Date "2017.02.11"]
[Round "2"]
[White "Soudre, Nicolas"]
[Black "Nunez, Omar"]
[Result "1-0"]
[WhiteElo "2080"]
[BlackElo "2078"]
[WhiteFideId "-1"]
[WhiteFideId "-1"]
[PlyCount "91"]
[GameId "2160767908478650"]
[EventDate "2017.02.10"]
[EventType "swiss"]
[EventRounds "5"]
[EventCountry "CAN"]
[SourceTitle "EXT 2022"]
[Source "ChessBase"]
[SourceDate "2021.10.06"]
[SourceVersion "1"]
[SourceVersionDate "2021.10.06"]
[SourceQuality "1"]

1. Nc3 g6 2. e4 Bg7 3. f4 d6 4. Nf3 Nf6 5. d3 c6 6. g3 O-O 7. Bg2 Bg4 8. h3 Bxf3 9. Qxf3 Nbd7 10. O-O Qa5 11. Ne2 Rac8 12. c3 b5 13. Bd2 c5 14. a3 Qc7 15. Rac1 a5 16. g4 a4 17. Ng3 Nb6 18. Kh1 d5 19. e5 Nfd7 20. Rce1 e6 21. Qe2 Rce8 22. Be3 Nxe5 23. Bxc5 Qxc5 24. fxe5 Nd7 25. Qd2 Qc7 26. d4 Nb6 27. g5 Nc4 28. Qc1 Rc8 29. Rf3 Na5 30. Bf1 Qb7 31. Bd3 Rc7 32. Qf4 Nc4 33. Re2 Qc6 34. Bb1 Qd7 35. h4 Rfc8 36. h5 Qe7 37. Rh2 b4 38. cxb4 Nb6 39. Bd3 Rc1+ 40. Nf1 Ra1 41. Qh4 Rcc1 42. hxg6 Rxf1+ 43. Bxf1 hxg6 44. Qh7+ Kf8 45. Rhf2 Qxg5 46. Rxf7+ 1-0

[Event "CMA Futurity ABCD"]
[Site "Montreal CAN"]
[Date "2017.02.11"]
[Round "2"]
[White "Villeneuve, Robert"]
[Black "Langlois-Remillard, Alexis"]
[Result "1/2-1/2"]
[WhiteElo "1859"]
[BlackElo "1867"]
[WhiteFideId "-1"]
[WhiteFideId "-1"]
[PlyCount "81"]
[GameId "2160767908478651"]
[EventDate "2017.02.10"]
[EventType "swiss"]
[EventRounds "5"]
[EventCountry "CAN"]
[SourceTitle "EXT 2022"]
[Source "ChessBase"]
[SourceDate "2021.10.06"]
[SourceVersion "1"]
[SourceVersionDate "2021.10.06"]
[SourceQuality "1"]

1. c4 c5 2. g3 Nf6 3. Bg2 e6 4. Nf3 Be7 5. O-O Qc7 6. Nc3 a6 7. d3 O-O 8. Bf4 d6 9. Rc1 b6 10. e4 Bb7 11. e5 Ng4 12. exd6 Bxd6 13. Bxd6 Qxd6 14. d4 cxd4 15. Qxd4 Qxd4 16. Nxd4 Bxg2 17. Kxg2 Nd7 18. Ne4 Rac8 19. b3 Nge5 20. Rcd1 Nc5 21. Nxc5 Rxc5 22. Nf3 Nc6 23. Rd6 Rd8 24. Rxd8+ Nxd8 25. Rd1 Nc6 26. b4 Rxc4 27. Ne5 Rd4 28. Rc1 Ne7 29. Nc6 Nxc6 30. Rxc6 Kf8 31. Rxb6 a5 32. bxa5 Ra4 33. Rb2 Rxa5 34. Kf3 Ke7 35. Ke3 Kd6 36. Kd3 Kc5 37. Kc2 Ra3 38. Kb1 e5 39. Rd2 e4 40. Kb2 Rf3 41. Kc2 1/2-1/2

[Event "CMA Futurity ABCD"]
[Site "Montreal CAN"]
[Date "2017.02.11"]
[Round "2"]
[White "Zumsteg, Nicolas"]
[Black "Leger, Maxime"]
[Result "1/2-1/2"]
[WhiteElo "1910"]
[BlackElo "1883"]
[WhiteFideId "-1"]
[WhiteFideId "-1"]
[PlyCount "101"]
[GameId "2160767908478653"]
[EventDate "2017.02.10"]
[EventType "swiss"]
[EventRounds "5"]
[EventCountry "CAN"]
[SourceTitle "EXT 2022"]
[Source "ChessBase"]
[SourceDate "2021.10.06"]
[SourceVersion "1"]
[SourceVersionDate "2021.10.06"]
[SourceQuality "1"]

1. e4 c5 2. Ne2 e6 3. Nbc3 Nc6 4. g3 Nf6 5. Bg2 d5 6. exd5 exd5 7. O-O Bg4 8. d3 Be7 9. Bg5 Nd4 10. f3 Be6 11. Nf4 O-O 12. Nxe6 Nxe6 13. Bd2 Nd4 14. Ne2 Nxe2+ 15. Qxe2 Re8 16. Be3 Qd7 17. a4 a5 18. c4 Bf8 19. Qd2 g6 20. b3 Rad8 21. Rad1 b6 22. Bg5 Bg7 23. Qf2 dxc4 24. bxc4 Qxa4 25. Rb1 Rxd3 26. Rxb6 Ng4 27. fxg4 Bd4 28. Qxd4 Rxd4 29. Bc6 Qxc4 30. Bxe8 f5 31. gxf5 gxf5 32. Rf6 Qe2 33. Bf7+ Kg7 34. R6xf5 Rd1 35. R5f2 Rxf1+ 36. Rxf1 Qg4 37. Bd2 Qd4+ 38. Rf2 c4 39. Kg2 c3 40. Bc1 c2 41. Bb3 Qe4+ 42. Kh3 Qd4 43. Rxc2 Qd7+ 44. Kh4 Qe7+ 45. Bg5 Qb4+ 46. Bc4 h6 47. Bd2 Qa4 48. Rc1 Qa3 49. Bc3+ Kh7 50. Bd3+ Kg8 51. Bc4+ 1/2-1/2

[Event "CMA Futurity ABCD"]
[Site "Montreal CAN"]
[Date "2017.02.11"]
[Round "3"]
[White "Durette, Francis"]
[Black "Saha, Ananda"]
[Result "1-0"]
[WhiteElo "1965"]
[BlackElo "1997"]
[WhiteFideId "-1"]
[WhiteFideId "-1"]
[PlyCount "131"]
[GameId "2160767908478655"]
[EventDate "2017.02.10"]
[EventType "swiss"]
[EventRounds "5"]
[EventCountry "CAN"]
[SourceTitle "EXT 2022"]
[Source "ChessBase"]
[SourceDate "2021.10.06"]
[SourceVersion "1"]
[SourceVersionDate "2021.10.06"]
[SourceQuality "1"]

1. e4 c5 2. Nf3 e6 3. d4 cxd4 4. Nxd4 a6 5. c4 Nf6 6. Nc3 Qc7 7. Be3 Bb4 8. f3 Bxc3+ 9. bxc3 d6 10. Be2 Nbd7 11. O-O b6 12. Rb1 Bb7 13. Qb3 Rb8 14. Nc2 Bc8 15. Rfd1 O-O 16. Qb4 Nc5 17. e5 Nfd7 18. exd6 Qa7 19. Rd2 Bb7 20. Rbd1 e5 21. Bg5 f6 22. Bh4 e4 23. Ne3 exf3 24. Bxf3 Bxf3 25. gxf3 Ne5 26. Kg2 Qf7 27. Bg3 Qh5 28. Rf1 Rfd8 29. Rd5 Qg6 30. Qb1 Qxb1 31. Rxb1 Ned7 32. Nf5 Kf7 33. Ne7 Rb7 34. Re1 Ne6 35. f4 g6 36. f5 Nef8 37. Rd4 gxf5 38. Nxf5 Ng6 39. Ne7 Nde5 40. Nxg6 Nxg6 41. Rb1 Ke6 42. Re4+ Ne5 43. c5 Kd5 44. Rf4 Kxc5 45. Rxf6 Nc4 46. Bf2+ Kc6 47. d7+ Kxd7 48. Rb4 Rg8+ 49. Kh3 b5 50. Rxa6 Rf8 51. Bd4 Rf5 52. a4 Nd6 53. axb5 Rfxb5 54. Rxb5 Nxb5 55. Be5 Ke8 56. c4 Nc7 57. Rc6 Kd7 58. Rxc7+ Rxc7 59. Bxc7 Kxc7 60. Kg4 Kc6 61. Kg5 Kc5 62. h4 Kxc4 63. Kh6 Kd5 64. Kxh7 Ke6 65. Kg7 Kf5 66. h5 1-0

[Event "CMA Futurity ABCD"]
[Site "Montreal CAN"]
[Date "2017.02.11"]
[Round "3"]
[White "Gauthier, Denis"]
[Black "Villeneuve, Robert"]
[Result "1/2-1/2"]
[WhiteElo "1864"]
[BlackElo "1859"]
[WhiteFideId "-1"]
[WhiteFideId "-1"]
[PlyCount "30"]
[GameId "2160767908478656"]
[EventDate "2017.02.10"]
[EventType "swiss"]
[EventRounds "5"]
[EventCountry "CAN"]
[SourceTitle "EXT 2022"]
[Source "ChessBase"]
[SourceDate "2021.10.06"]
[SourceVersion "1"]
[SourceVersionDate "2021.10.06"]
[SourceQuality "1"]

1. d4 Nf6 2. c4 e6 3. Nf3 d5 4. Nc3 c6 5. Qd3 dxc4 6. Qxc4 b5 7. Qd3 a6 8. g3 c5 9. Bg2 Bb7 10. O-O Nbd7 11. b3 Be7 12. Bb2 O-O 13. Rfd1 cxd4 14. Qxd4 Qb6 15. Qxb6 Nxb6 1/2-1/2